[Event "XII. Karnevalsopen"]
[Site "Solingen"]
[Date "2023.02.19"]
[Round "4.7"]
[White "Borchert, Stephan"]
[Black "Speck, Stefan"]
[Result "1/2-1/2"]
[WhiteElo "2090"]
[BlackElo "1837"]
[PlyCount "69"]
[EventDate "2023.??.??"]
[EventType "swiss"]
[EventRounds "5"]
[EventCountry "GER"]

1. e4 e6 2. d4 d5 3. Nc3 Bb4 4. exd5 exd5 5. Bd3 Ne7 6. Nf3 Bf5 7. Bxf5 Nxf5 8. Qe2+ Qe7 9. Qxe7+ Kxe7 10. Bd2 Bxc3 11. Bxc3 f6 12. O-O-O Nc6 13. b3 Kd7 14. Rhe1 Rhe8 15. Bb2 Rxe1 16. Rxe1 Nd6 17. Nd2 Re8 18. Rxe8 Kxe8 19. c3 Kf7 20. f3 Nf5 21. Nf1 h5 22. Kd2 Nce7 23. Ke2 Ng6 24. Bc1 Ke6 25. g3 Nge7 26. h4 Nc8 27. Bf4 Ncd6 28. Kd3 c6 29. Bc1 Nf7 30. Bf4 N7d6 31. c4 Nf7 32. Bb8 a6 33. c5 g5 34. hxg5 Nxg5 35. Nd2 1/2-1/2

[Event "XII. Karnevalsopen"]
[Site "Solingen"]
[Date "2023.02.19"]
[Round "4.8"]
[White "Pfaar, Zeno"]
[Black "Eckert, Marius"]
[Result "1-0"]
[WhiteElo "1814"]
[BlackElo "2081"]
[PlyCount "41"]
[EventDate "2023.??.??"]
[EventType "swiss"]
[EventRounds "5"]
[EventCountry "GER"]

1. e4 c5 2. Nf3 e6 3. d4 cxd4 4. Nxd4 Nc6 5. Nc3 Qc7 6. Be3 a6 7. Be2 Nf6 8. O-O Be7 9. Kh1 O-O 10. f4 d6 11. Qe1 b5 12. Nxc6 Qxc6 13. e5 dxe5 14. fxe5 Nd5 15. Nxd5 exd5 16. Bd3 Be6 17. Qg3 Kh8 18. Rf4 b4 19. Rh4 Bxh4 20. Qxh4 g6 21. Qf6+ 1-0

[Event "XII. Karnevalsopen"]
[Site "Solingen"]
[Date "2023.02.19"]
[Round "4.9"]
[White "Schwibbert, Jonas"]
[Black "Peschges, Paul"]
[Result "1-0"]
[WhiteElo "2041"]
[BlackElo "1773"]
[PlyCount "49"]
[EventDate "2023.??.??"]
[EventType "swiss"]
[EventRounds "5"]
[EventCountry "GER"]

1. d4 d5 2. c4 e6 3. Nc3 Nf6 4. Bg5 dxc4 5. e3 c5 6. Bxc4 cxd4 7. exd4 Nc6 8. Nf3 Be7 9. O-O O-O 10. Re1 a6 11. a4 b6 12. Rc1 Bb7 13. Ba2 b5 14. Bb1 b4 15. Ne2 Nd5 16. h4 Rc8 17. Qd3 g6 18. Ba2 Bxg5 19. hxg5 Nce7 20. Rxc8 Qxc8 21. Ne5 Nf5 22. Ng4 Nfe7 23. Qh3 f5 24. gxf6 Nxf6 25. Bxe6+ 1-0

[Event "XII. Karnevalsopen"]
[Site "Solingen"]
[Date "2023.02.19"]
[Round "4.10"]
[White "Piekorz, Roland"]
[Black "Kock, Sebastian"]
[Result "1-0"]
[WhiteElo "1988"]
[BlackElo "1824"]
[PlyCount "79"]
[EventDate "2023.??.??"]
[EventType "swiss"]
[EventRounds "5"]
[EventCountry "GER"]

1. c4 g6 2. Nc3 Bg7 3. g3 Nf6 4. Bg2 d6 5. e4 O-O 6. Nge2 c5 7. O-O Nc6 8. d4 cxd4 9. Nxd4 Ng4 10. Nxc6 bxc6 11. Qc2 Be6 12. b3 Qc8 13. Bb2 Nf6 14. Rad1 Bh3 15. Rfe1 Bxg2 16. Kxg2 Nd7 17. Na4 Bxb2 18. Nxb2 a5 {(=)} 19. Nd3 c5 20. e5 Nxe5 21. Nxe5 dxe5 22. Rxe5 e6 23. Qe2 a4 24. Qe3 axb3 25. axb3 Ra3 26. Rd3 Qb7+ 27. Kh3 Rb8 28. Rxc5 Qh1 29. Rb5 Rf8 30. Qe2 Ra1 31. f4 Rfa8 32. Rd2 Rg1 33. Re5 Rb1 34. Rxe6 Rf8 35. Re3 h5 36. Re8 Qc6 37. Rxf8+ Kxf8 38. Rd8+ Kg7 39. Qe5+ Qf6 40. Rg8+ 1-0

[Event "XII. Karnevalsopen"]
[Site "Solingen"]
[Date "2023.02.19"]
[Round "4.11"]
[White "Renz, Yannick"]
[Black "Boschek, Hans-Joachim"]
[Result "1-0"]
[WhiteElo "1695"]
[BlackElo "1920"]
[PlyCount "22"]
[EventDate "2023.??.??"]
[EventType "swiss"]
[EventRounds "5"]
[EventCountry "GER"]

1. e4 c5 2. d4 cxd4 3. c3 d5 4. exd5 Nf6 5. Bb5+ Bd7 6. Bc4 g6 7. Nf3 Bg7 8. Nxd4 O-O 9. O-O Bg4 10. Qb3 a6 11. Qxb7 Qe8 1-0

[Event "XII. Karnevalsopen"]
[Site "Solingen"]
[Date "2023.02.19"]
[Round "4.12"]
[White "Naupold, Volker"]
[Black "Arnz, Tom Niklas"]
[Result "0-1"]
[WhiteElo "1869"]
[BlackElo "1633"]
[PlyCount "82"]
[EventDate "2023.??.??"]
[EventType "swiss"]
[EventRounds "5"]
[EventCountry "GER"]

1. e4 e6 2. d4 d5 3. exd5 exd5 4. Nf3 Bd6 5. Bd3 Bg4 6. h3 Bh5 7. O-O Nc6 8. Re1+ Nge7 9. c3 Qd7 10. Nbd2 f6 11. Qc2 g5 12. Bf5 Qd8 13. Bxh7 Kf7 14. Bf5 Kg7 15. Bd3 g4 16. Nh4 gxh3 17. g3 Qg8 18. Bf5 Kf8 19. Ndf3 Bxg3 20. Kh1 Bxh4 21. Nxh4 Bf3+ 22. Kh2 Rxh4 23. Rg1 Bg2 24. Bd2 Qf7 25. Bd3 Qe6 26. Rae1 Qd6+ 27. f4 Kf7 28. Bf5 Rah8 29. Re6 Qd8 30. Re3 Nxf5 31. Qxf5 Qc8 32. Qd3 Ne7 33. Rge1 Be4 34. Rxe4 dxe4 35. Qxe4 Re8 36. Qd3 Rg8 37. Qc4+ Kf8 38. Qc5 Rg2+ 39. Kh1 Qd7 40. Bc1 Rc2 41. c4 Qc6+ 0-1

[Event "XII. Karnevalsopen"]
[Site "Solingen"]
[Date "2023.02.19"]
[Round "4.13"]
[White "Kuhn, Andreas"]
[Black "Tonev, Vasil"]
[Result "1-0"]
[WhiteElo "1838"]
[BlackElo "1560"]
[PlyCount "55"]
[EventDate "2023.??.??"]
[EventType "swiss"]
[EventRounds "5"]
[EventCountry "GER"]

1. Nf3 e6 2. g3 f5 3. Bg2 Nf6 4. c4 Be7 5. O-O O-O 6. d4 d6 7. b3 Qe8 8. Bb2 a5 9. a3 Ne4 10. Nfd2 Nxd2 11. Nxd2 Bf6 12. Nf3 Nc6 13. Re1 e5 14. e4 fxe4 15. dxe5 dxe5 16. Qd5+ Be6 17. Qxe4 Qf7 18. Re2 a4 19. Bxe5 {(=)} axb3 20. Bxf6 Bxc4 21. Ng5 Qg6 22. Qxc4+ Kh8 23. Bb2 Qxg5 24. Qxb3 Na5 25. Qc3 Rf5 26. Rae1 Raf8 27. Re7 Rg8 28. Rxg7 1-0

[Event "XII. Karnevalsopen"]
[Site "Solingen"]
[Date "2023.02.19"]
[Round "4.14"]
[White "Hirsch, Dominik"]
[Black "Flesch, Stefan"]
[Result "0-1"]
[WhiteElo "1633"]
[BlackElo "2049"]
[PlyCount "84"]
[EventDate "2023.??.??"]
[EventType "swiss"]
[EventRounds "5"]
[EventCountry "GER"]

1. d4 Nf6 2. c4 d6 3. Nc3 Nbd7 4. Nf3 e5 5. e4 Be7 6. Be2 O-O 7. Bg5 c6 8. Qc2 a6 9. a4 a5 10. O-O {(=)} h6 11. Bh4 g5 12. dxe5 dxe5 13. Bg3 Qc7 14. Nd4 Re8 15. Nf5 Bf8 16. h4 Nc5 17. hxg5 hxg5 18. f3 Nh5 19. Bf2 Nf4 20. g3 Nh3+ 21. Kg2 Nxf2 22. Kxf2 Qb6 23. Kg2 f6 24. Rh1 Qb3 25. Qc1 Bxf5 26. exf5 Rad8 27. Rh3 Bg7 28. Ra3 Qb4 29. Rh1 Rd4 30. Rd1 Red8 31. Rxd4 Rxd4 32. Qc2 Bf8 33. Ra1 Nb3 34. Ra3 Nc5 35. Ra1 Qb6 36. Ne4 Nxe4 37. fxe4 Qb4 38. Bd3 Rxd3 39. Qxd3 Qxb2+ 40. Kh3 Qxa1 41. Qd8 Qh1+ 42. Kg4 Qxe4+ 0-1

[Event "XII. Karnevalsopen"]
[Site "Solingen"]
[Date "2023.02.19"]
[Round "4.15"]
[White "Marcziter, Dmitrii"]
[Black "Kuberczyk, Samuel"]
[Result "1-0"]
[WhiteElo "2235"]
[BlackElo "1269"]
[PlyCount "61"]
[EventDate "2023.??.??"]
[EventType "swiss"]
[EventRounds "5"]
[EventCountry "GER"]

1. d4 d5 2. Nf3 Nf6 3. c4 c6 4. g3 Bf5 5. Nc3 h6 6. Bg2 e6 7. O-O Nbd7 8. Bf4 Qb6 9. Na4 Qd8 10. c5 Be7 11. b4 O-O 12. Nb2 a5 13. a3 Ne4 14. Qb3 Bg5 15. Bxg5 hxg5 16. Qe3 g4 17. Nh4 g5 18. Nxf5 exf5 19. f3 gxf3 20. exf3 f4 21. gxf4 Nef6 22. fxg5 Nh7 23. f4 Re8 24. Qf2 Kg7 25. Nd3 Qc7 26. h4 Rh8 27. h5 Nhf8 28. h6+ Kg6 29. Ne5+ Nxe5 30. fxe5 Nh7 31. Qf5+ 1-0

[Event "XII. Karnevalsopen"]
[Site "Solingen"]
[Date "2023.02.19"]
[Round "4.16"]
[White "Schmidt, Sebastian"]
[Black "Fichtner, Ewald"]
[Result "1-0"]
[WhiteElo "1761"]
[BlackElo "2004"]
[PlyCount "67"]
[EventDate "2023.??.??"]
[EventType "swiss"]
[EventRounds "5"]
[EventCountry "GER"]

1. e4 c6 2. Nc3 d5 3. Nf3 Bg4 4. h3 Bxf3 5. Qxf3 e6 6. exd5 cxd5 7. d4 Nc6 8. Ne2 Nf6 9. c3 b5 10. Ng3 b4 11. Bg5 bxc3 12. bxc3 Be7 13. Bd3 Nd7 14. Bd2 Bg5 15. Bxg5 Qxg5 16. O-O O-O 17. Rab1 Rab8 18. Bb5 Rfc8 19. Bxc6 Rxc6 20. Rxb8+ Nxb8 21. Rb1 Rb6 22. Rxb6 axb6 23. Qd3 g6 24. Qb5 Qd8 25. Ne2 Qc7 26. Qe8+ Kg7 27. h4 h5 28. g3 Qd6 29. Nf4 Nd7 30. Nh3 Nf6 31. Qa8 Ne4 32. Ng5 Nxg3 33. Qb7 Ne2+ 34. Kf1 1-0

[Event "XII. Karnevalsopen"]
[Site "Solingen"]
[Date "2023.02.19"]
[Round "4.17"]
[White "Anschuetz, Wolfgang"]
[Black "Tremoehlen, Thomas"]
[Result "1-0"]
[WhiteElo "1728"]
[BlackElo "1985"]
[PlyCount "91"]
[EventDate "2023.??.??"]
[EventType "swiss"]
[EventRounds "5"]
[EventCountry "GER"]

1. d4 Nf6 2. c4 g6 3. Nc3 Bg7 4. e4 d6 5. f3 Nc6 6. Nge2 a6 7. Be3 O-O 8. Qd2 e5 9. d5 Nd4 10. Nxd4 exd4 11. Bxd4 c5 12. dxc6 bxc6 13. Be2 d5 14. exd5 cxd5 15. c5 Rb8 16. O-O Rb4 17. Rfd1 Ne4 18. Qe3 Nf6 19. Rd2 Re8 20. Qf2 Be6 21. Rad1 Bh6 22. f4 Bg7 23. h3 Qb8 24. Be5 Qb7 25. Bf1 h5 26. a3 Rb3 27. Bd3 Ne4 28. Bxe4 dxe4 29. Bxg7 Kxg7 30. Qd4+ Kh6 31. Nxe4 Qc7 32. Ng5 Bf5 33. Qc4 Rbe3 34. Nxf7+ Kh7 35. Nd6 R8e7 36. Nxf5 gxf5 37. c6 R3e4 38. Rd4 Qxf4 39. Rxe4 fxe4 40. Rf1 Qc7 41. Qd5 Qa7+ 42. Kh1 e3 43. Qxh5+ Kg8 44. Qg5+ Rg7 45. Qd5+ Kh7 46. Rf5 1-0

[Event "XII. Karnevalsopen"]
[Site "Solingen"]
[Date "2023.02.19"]
[Round "4.18"]
[White "Klemenz, Luca"]
[Black "Schueller, Reinhard"]
[Result "1-0"]
[WhiteElo "1908"]
[BlackElo "1357"]
[PlyCount "47"]
[EventDate "2023.??.??"]
[EventType "swiss"]
[EventRounds "5"]
[EventCountry "GER"]

1. d4 c5 2. e3 d5 3. Nf3 Bg4 4. Bb5+ Nc6 5. h3 Bh5 6. dxc5 e6 7. b4 a6 8. Bxc6+ bxc6 9. Bb2 Nf6 10. Nbd2 a5 11. c3 axb4 12. cxb4 Rb8 13. a3 Bxc5 14. Bxf6 Qxf6 15. bxc5 O-O 16. O-O Ra8 17. a4 Rfb8 18. Rb1 h6 19. Rb6 Rxb6 20. cxb6 Qb2 21. Qb3 Qxb3 22. Nxb3 Rxa4 23. b7 Rb4 24. Nc5 1-0

[Event "XII. Karnevalsopen"]
[Site "Solingen"]
[Date "2023.02.19"]
[Round "4.19"]
[White "Abdo, Alan"]
[Black "Dunsche, Daniel"]
[Result "1-0"]
[WhiteElo "1707"]
[BlackElo "1906"]
[PlyCount "103"]
[EventDate "2023.??.??"]
[EventType "swiss"]
[EventRounds "5"]
[EventCountry "GER"]

1. e4 c6 2. d3 d5 3. Nd2 e5 4. Ngf3 Bd6 5. g3 Nf6 6. Bg2 O-O 7. O-O Nbd7 8. Re1 a5 9. a4 Re8 10. Nf1 Nc5 11. exd5 cxd5 12. Nxe5 Rxe5 13. Rxe5 Bxe5 14. d4 Bd6 15. dxc5 Bxc5 16. Be3 d4 17. Bg5 h6 18. Bf4 Bg4 19. Qd3 Nd5 20. Bd2 Qd6 21. Re1 b6 22. h3 Be6 23. Nh2 Rd8 24. Nf3 Qd7 25. Ne5 Qxa4 26. Qe4 Nb4 27. Qh4 Re8 28. c3 Nd5 29. cxd4 Qxd4 30. Qxd4 Bxd4 31. Nc6 Bxb2 32. Bxd5 Bd7 33. Rb1 Bxc6 34. Bxc6 Re6 35. Bd5 Rd6 36. Bxf7+ Kxf7 37. Rxb2 Ke6 38. Bf4 Rc6 39. Rb5 Kd7 40. Kg2 Kc8 41. Kf3 Kb7 42. Ke2 Ka6 43. Rb1 b5 44. Rd1 b4 45. Rd6 Rxd6 46. Bxd6 Kb5 47. Kd3 Ka4 48. Kc2 Ka3 49. Kb1 Kb3 50. Bf8 a4 51. Bxg7 a3 52. f4 1-0

[Event "XII. Karnevalsopen"]
[Site "Solingen"]
[Date "2023.02.19"]
[Round "4.20"]
[White "Asadzade, Muhammed"]
[Black "Steinbach, Wolfgang"]
[Result "0-1"]
[WhiteElo "1590"]
[BlackElo "1886"]
[PlyCount "116"]
[EventDate "2023.??.??"]
[EventType "swiss"]
[EventRounds "5"]
[EventCountry "GER"]

1. d4 d5 2. c4 dxc4 3. e3 Nf6 4. Bxc4 e6 5. Nf3 c5 6. O-O a6 7. a4 Nc6 8. Nc3 cxd4 9. exd4 Be7 10. Re1 O-O 11. Bf4 Nb4 12. Na2 Nbd5 13. Bxd5 Nxd5 14. Bg3 b6 15. Nc3 Bb7 16. Rc1 Rc8 17. Qb3 Nb4 18. Qd1 Bxf3 19. gxf3 Rc4 20. Re4 f5 21. Qe2 Rxc3 22. bxc3 fxe4 23. cxb4 Qxd4 24. Qxe4 Qxe4 25. fxe4 Bxb4 26. Rc6 Ba5 27. Rxe6 Kf7 28. Rc6 Re8 29. Rc7+ Re7 30. Rxe7+ Kxe7 31. e5 Ke6 32. Kf1 Bc3 33. f4 g5 34. fxg5 Bxe5 35. Bf2 Bxh2 36. Bxb6 Kf5 37. Kg2 Bf4 38. Kh3 Bxg5 39. Kg3 Bd2 40. a5 Ke6 41. Kg4 Ke5 42. Kf3 Kd5 43. Ke2 Bc3 44. Kd3 Bb4 45. Kc2 Kc4 46. Kb2 Kb5 47. Kb3 Bxa5 48. Bf2 Bb4 49. Bh4 a5 50. Bd8 a4+ 51. Kc2 Kc4 52. Kb2 Bd6 53. Kc2 h5 54. Kb2 Bg3 55. Kc2 h4 56. Bxh4 Bxh4 57. Kb2 Kb4 58. Ka2 Bf6 0-1

[Event "XII. Karnevalsopen"]
[Site "Solingen"]
[Date "2023.02.19"]
[Round "4.21"]
[White "Marcziter, Alex"]
[Black "Shivkumar, Siddharth"]
[Result "1/2-1/2"]
[WhiteElo "1583"]
[BlackElo "1845"]
[PlyCount "106"]
[EventDate "2023.??.??"]
[EventType "swiss"]
[EventRounds "5"]
[EventCountry "GER"]

1. e4 c6 2. d4 d5 3. Nd2 dxe4 4. Nxe4 Nf6 5. Nxf6+ exf6 6. c3 Bd6 7. Bd3 O-O 8. Qc2 Re8+ 9. Ne2 h6 10. O-O Nd7 11. Bf4 Nf8 12. Bxd6 Qxd6 13. Rfe1 Be6 14. Rad1 Re7 15. b3 Rae8 16. Qd2 Ng6 17. Bxg6 fxg6 18. Ng3 Bf7 19. Kf1 Kf8 20. Rxe7 Rxe7 21. Re1 b5 22. Rxe7 Qxe7 23. Qc2 f5 24. Ne2 a5 25. Nc1 b4 26. Nd3 bxc3 27. Qxc3 Qa3 28. Qc5+ Qxc5 29. Nxc5 Ke7 30. Ke2 Bd5 31. f3 g5 32. Nb7 a4 33. bxa4 Bxa2 34. a5 Kd7 35. Nc5+ Kc7 36. Kd3 Bd5 37. Ke3 h5 38. Kf2 g6 39. Ke3 Kb8 40. g3 h4 41. f4 hxg3 42. hxg3 g4 43. Kd3 Kc7 44. Kd2 Kc8 45. Nd3 Kb7 46. Kc3 Ka6 47. Kb4 Kb7 48. Ne5 g5 49. Nd3 gxf4 50. Nxf4 Ka6 51. Nd3 Kb7 52. Kc5 Ka6 53. Kb4 Kb7 1/2-1/2

[Event "XII. Karnevalsopen"]
[Site "Solingen"]
[Date "2023.02.19"]
[Round "4.22"]
[White "Pfennig, Konstantin"]
[Black "Linke, Marius"]
[Result "1/2-1/2"]
[WhiteElo "1486"]
[BlackElo "1796"]
[PlyCount "32"]
[EventDate "2023.??.??"]
[EventType "swiss"]
[EventRounds "5"]
[EventCountry "GER"]

1. d4 d5 2. Nf3 Nf6 3. e3 c6 4. Nbd2 Bg4 5. Bd3 Nbd7 6. h3 Bxf3 7. Nxf3 e6 8. O-O Bd6 9. Qe2 O-O 10. c3 Re8 11. Rd1 Qc7 12. Qc2 e5 13. dxe5 Nxe5 14. Nxe5 Bxe5 15. b3 Ne4 16. Bxe4 dxe4 1/2-1/2

[Event "XII. Karnevalsopen"]
[Site "Solingen"]
[Date "2023.02.19"]
[Round "4.23"]
[White "Scheidtmann, Kian"]
[Black "Maenken, Merlin"]
[Result "1/2-1/2"]
[WhiteElo "1575"]
[BlackElo "1768"]
[PlyCount "125"]
[EventDate "2023.??.??"]
[EventType "swiss"]
[EventRounds "5"]
[EventCountry "GER"]

1. e4 c5 2. Nf3 d6 3. d4 cxd4 4. Nxd4 Nf6 5. Nc3 a6 6. h4 e5 7. Nf5 d5 8. Qf3 g6 9. Nh6 Bxh6 10. Bxh6 dxe4 11. Nxe4 Nxe4 12. Qxe4 Qa5+ 13. b4 Qc7 14. Qc4 Nc6 15. Be2 Be6 16. Qc3 O-O-O 17. O-O Rd4 18. g3 Rxb4 19. a3 Re4 20. Bd3 Rd4 21. Be3 Rd7 22. Rab1 Nd4 23. Qb4 Qc6 24. Bxd4 Rxd4 25. Qb6 Qxb6 26. Rxb6 Kc7 27. Rfb1 Bd5 28. Bf1 Bc6 29. Bg2 Rd1+ 30. Rxd1 Kxb6 31. Rd6 Kc7 32. Rf6 Rf8 33. Bxc6 bxc6 34. g4 Kb6 35. Kg2 Kc5 36. Kf3 Kd5 37. c4+ Kxc4 38. Rxc6+ {(=)} Kb5 39. Rf6 a5 40. Ke4 Ka4 41. Kxe5 Kxa3 42. Rb6 Re8+ 43. Kf6 Re6+ 44. Rxe6 fxe6 45. Kxe6 Kb3 46. f4 a4 47. f5 gxf5 48. gxf5 a3 49. f6 a2 50. f7 a1=Q 51. f8=Q Qe1+ 52. Kf7 Qxh4 53. Qb8+ Kc3 54. Qh8+ Kd3 55. Qf6 Qg4 56. Qh6 Ke4 57. Qc6+ Kf4 58. Qc1+ Kg3 59. Qe1+ Kf4 60. Qc1+ Kg3 61. Qe1+ Kg2 62. Qd2+ Kh1 63. Qh6+ 1/2-1/2

[Event "XII. Karnevalsopen"]
[Site "Solingen"]
[Date "2023.02.19"]
[Round "4.24"]
[White "Goldenstein, Arnd"]
[Black "Guelcan, Batuhan Ege"]
[Result "1-0"]
[WhiteElo "1905"]
[BlackElo "1525"]
[PlyCount "91"]
[EventDate "2023.??.??"]
[EventType "swiss"]
[EventRounds "5"]
[EventCountry "GER"]

1. d4 d5 2. c4 c6 3. Nf3 e6 4. e3 Nd7 5. Bd3 Ngf6 6. O-O dxc4 7. Bxc4 Bd6 8. Bd3 b5 9. a4 Qb6 10. axb5 cxb5 11. Qe2 b4 12. Nbd2 a5 13. e4 Be7 14. Nc4 Qc7 15. Bd2 Bb7 16. Rfc1 Qb8 17. Rxa5 O-O 18. Rb5 Qa7 19. Bxb4 Bxb4 20. Rxb4 Ne8 21. Rb3 Ba6 22. e5 Bxc4 23. Bxc4 Rc8 24. Ra3 Qb8 25. Rca1 Qc7 26. Bd3 Nb6 27. Rc3 Qd8 28. Qd2 Rxc3 29. bxc3 f6 30. Qc2 g6 31. h3 Nd5 32. Ra7 Nec7 33. Rb7 Qa8 34. Qb2 f5 35. c4 Nf4 36. Bf1 Rc8 37. g3 Nh5 38. Qb6 Ng7 39. d5 exd5 40. Rxc7 Rxc7 41. Qxc7 dxc4 42. Bxc4+ Kh8 43. Qf7 h6 44. Nh4 Qa1+ 45. Kh2 Qa8 46. Qxg6 1-0

[Event "XII. Karnevalsopen"]
[Site "Solingen"]
[Date "2023.02.19"]
[Round "4.25"]
[White "Becker, Carsten"]
[Black "Sprenger, Kuno"]
[Result "1/2-1/2"]
[WhiteElo "1847"]
[BlackElo "1430"]
[PlyCount "106"]
[EventDate "2023.??.??"]
[EventType "swiss"]
[EventRounds "5"]
[EventCountry "GER"]

1. e4 e5 2. f4 d5 3. exd5 exf4 4. Nf3 Nf6 5. Bb5+ c6 6. dxc6 Nxc6 7. Bxc6+ bxc6 8. O-O Bd6 9. Qe2+ Be6 10. Nc3 O-O 11. d3 Qc7 12. Ne4 Nxe4 13. Qxe4 Bd5 14. Qf5 Be6 15. Qh5 h6 16. d4 Rae8 17. Ne5 Bxe5 18. dxe5 Qb6+ 19. Kh1 Qd4 20. Bxf4 Bd5 21. Rae1 Re6 22. c3 Qc4 23. Bc1 Rg6 24. Rg1 Qg4 25. Qxg4 Rxg4 26. b3 Re8 27. c4 Be6 28. Rgf1 Rd8 29. Bf4 g5 30. Be3 a6 31. Rd1 Rc8 32. Bc5 Kg7 33. Rf2 Re4 34. Rfd2 Kg6 35. Bd6 g4 36. g3 Re3 37. Rd3 Rf3 38. Kg2 Rf5 39. Rf1 f6 40. exf6 Kxf6 41. Rxf5+ Kxf5 42. Rd4 h5 43. Rf4+ Kg6 44. Kf2 Bf5 45. Rd4 Re8 46. Bf4 Re6 47. Rd6 Rxd6 48. Bxd6 Bb1 49. b4 Bxa2 50. c5 Bc4 51. Ke3 Kf5 52. Kd4 Bb5 53. Bf4 Bf1 1/2-1/2

[Event "XII. Karnevalsopen"]
[Site "Solingen"]
[Date "2023.02.19"]
[Round "4.26"]
[White "Dhanasekaran Meenambigai, Diya"]
[Black "Bauer, Matthias"]
[Result "0-1"]
[WhiteElo "1416"]
[BlackElo "1623"]
[PlyCount "98"]
[EventDate "2023.??.??"]
[EventType "swiss"]
[EventRounds "5"]
[EventCountry "GER"]

1. e4 e6 2. d4 d5 3. exd5 exd5 4. c4 Nf6 5. Nc3 c6 6. Nf3 Be7 7. Be2 O-O 8. O-O dxc4 9. Bxc4 Nbd7 10. Re1 Nb6 11. Bb3 h6 12. h3 Bf5 13. a4 Bb4 14. Bd2 Nbd5 15. Nxd5 Nxd5 16. Bxd5 Bxd2 17. Bxf7+ Rxf7 18. Qxd2 Qf6 19. Ne5 Re7 20. d5 Rxe5 21. d6 Bd7 22. Rxe5 Qxe5 23. Re1 Qd5 24. Qxd5+ cxd5 25. Re7 Rd8 26. Kf1 Bc6 27. Ke2 Rxd6 28. a5 d4 29. f3 Kf8 30. Re5 Kf7 31. Kd3 a6 32. b4 Bb5+ 33. Kd2 d3 34. f4 Re6 35. Rxe6 Kxe6 36. g4 Kd5 37. h4 Ke4 38. g5 hxg5 39. fxg5 Kf5 40. h5 Kxg5 41. Ke3 Kxh5 42. Kd2 g5 43. Ke3 g4 44. Kd2 g3 45. Ke3 g2 46. Kf2 d2 47. Kxg2 d1=Q 48. Kg3 Qd6+ 49. Kh3 Bf1# 0-1

[Event "XII. Karnevalsopen"]
[Site "Solingen"]
[Date "2023.02.19"]
[Round "4.27"]
[White "Pernizki, Max"]
[Black "Bock, Juergen"]
[Result "0-1"]
[WhiteElo "1208"]
[BlackElo "1611"]
[PlyCount "80"]
[EventDate "2023.??.??"]
[EventType "swiss"]
[EventRounds "5"]
[EventCountry "GER"]

{[%evp 0,24,16,28,26,-1,-16,-22,-10,-9,26,51,57,34,47,50,52,43,41,41,22,-25,-47,-39,-55,-100,-58]} 1. d4 d5 2. c4 e6 3. Nc3 Nf6 4. e3 c6 5. Nf3 Bd6 6. Bd3 Nbd7 7. O-O dxc4 8. Bxc4 O-O 9. Re1 e5 10. dxe5 Nxe5 11. Nxe5 Bxe5 12. Qb3 Ng4 13. g3 Qf6 14. Re2 Nxh2 15. Kxh2 Bg4 16. f4 Qh6+ 17. Kg1 Bxe2 18. Nxe2 Bf6 19. Bd2 b5 20. Bd3 Rad8 21. Bb4 Rfe8 22. Bc5 Rd5 23. Rc1 Rh5 24. Qc2 g6 25. Be4 Rh2 26. Bg2 g5 27. Kf2 gxf4 28. Nxf4 Bg5 29. Rd1 Bxf4 30. exf4 Qh5 31. Rd2 Qg4 32. Qd3 {(=)} a5 33. Kg1 Rh5 34. Rc2 Qe6 35. Qd2 Qxa2 36. Kf2 Qe6 37. Qd6 Qe1+ 38. Kf3 Qe4+ 39. Kg4 Qf5+ 40. Kf3 Qxc2 0-1

[Event "XII. Karnevalsopen"]
[Site "Solingen"]
[Date "2023.02.19"]
[Round "4.28"]
[White "Fetahovic, Sarah"]
[Black "Schuricht, Paul Alexander"]
[Result "1/2-1/2"]
[WhiteElo "1342"]
[BlackElo "1535"]
[PlyCount "154"]
[EventDate "2023.??.??"]
[EventType "swiss"]
[EventRounds "5"]
[EventCountry "GER"]

{[%evp 0,19,30,18,63,63,25,11,11,-47,-5,-66,-18,22,11,-29,-6,-39,33,7,-15,-28]} 1. e4 e5 2. Nf3 Nc6 3. d4 exd4 4. Bc4 Nf6 5. e5 Ne4 6. Bd5 Nc5 7. O-O Ne6 8. Nbd2 Bc5 9. Ne4 Be7 10. Qd2 O-O 11. Rd1 Re8 12. Bxe6 dxe6 13. Qf4 Qd5 14. c3 d3 15. Be3 b6 16. Nd4 Nxd4 17. cxd4 Bb7 18. f3 Ba6 19. Qg4 Kh8 20. Nf2 c5 21. Nxd3 Bxd3 22. Rxd3 c4 23. Rc3 b5 24. Qe4 a5 25. b3 b4 26. Rxc4 a4 27. Rac1 axb3 28. axb3 Kg8 29. Qxd5 exd5 30. Rc7 Ra2 31. Rb1 Kf8 32. Rd7 Rc8 33. Rf1 Rcc2 34. Bf2 Bg5 35. Bg3 Rxg2+ 36. Kh1 Bh4 37. Rc1 g6 38. Rcc7 Rgd2 39. Rc1 Bxg3 40. hxg3 Rxd4 41. Rc8+ Kg7 42. Rc1 Ra6 43. Rcc7 Ra1+ 44. Kg2 Rd2+ 45. Kh3 h5 46. Rxf7+ Kh6 47. Rh7+ Kg5 48. f4+ Kf5 49. Rhf7+ Ke4 50. Kh4 Kf3 51. Kg5 Kxg3 52. e6 Re1 53. e7 Rde2 54. Kxg6 h4 55. Rh7 h3 56. Kf7 h2 57. f5 h1=Q 58. Rxh1 Rxh1 59. f6 Kf4 60. e8=Q Rxe8 61. Kxe8 Ke3 62. Re7+ Kd3 63. f7 Rf1 64. f8=Q Rxf8+ 65. Kxf8 d4 66. Rh7 Kc2 67. Rh4 Kc3 68. Ke7 d3 69. Rh3 Kxb3 70. Rxd3+ Kc2 71. Rd8 b3 72. Rc8+ Kb1 73. Kd6 b2 74. Kd5 Ka2 75. Ra8+ Kb3 76. Rb8+ Ka2 77. Rxb2+ Kxb2 1/2-1/2

[Event "XII. Karnevalsopen"]
[Site "Solingen"]
[Date "2023.02.19"]
[Round "4.30"]
[White "Huettner, Moritz"]
[Black "Kelch, Volker"]
[Result "0-1"]
[WhiteElo "1187"]
[BlackElo "1655"]
[PlyCount "56"]
[EventDate "2023.??.??"]
[EventType "swiss"]
[EventRounds "5"]
[EventCountry "GER"]

{[%evp 0,22,16,28,26,24,18,35,26,27,25,10,13,7,30,19,41,41,5,5,40,38,40,-4,15]} 1. d4 d5 2. Bf4 Nf6 3. Nf3 e6 4. e3 Bd6 5. Bg3 O-O 6. Bd3 c5 7. c3 Qc7 8. Bxd6 Qxd6 9. Nbd2 Nbd7 10. O-O b6 11. Re1 e5 12. e4 Re8 13. exd5 Nxd5 14. Nc4 Qc7 15. Ncxe5 Nxe5 16. Nxe5 cxd4 17. cxd4 Bb7 18. Rc1 Qd6 19. Nc4 Qf6 20. Bb1 Rad8 21. Ne3 Nf4 22. Rc4 Qg5 23. g3 Nh3+ 24. Kf1 Ba6 25. Bd3 Bxc4 26. Bxc4 Qf6 27. Ng4 Rxe1+ 28. Qxe1 Qxd4 0-1

[Event "XII. Karnevalsopen"]
[Site "Solingen"]
[Date "2023.02.19"]
[Round "4.31"]
[White "Rades, Andreas"]
[Black "Albrecht, Philipp"]
[Result "1/2-1/2"]
[WhiteElo "1542"]
[BlackElo "1437"]
[PlyCount "148"]
[EventDate "2023.??.??"]
[EventType "swiss"]
[EventRounds "5"]
[EventCountry "GER"]

1. Nf3 d5 2. g3 Nf6 3. Bg2 Bf5 4. d4 e6 5. O-O Nbd7 6. Nbd2 c6 7. Re1 Ne4 8. Nh4 Nxd2 9. Bxd2 Bg6 10. Nxg6 hxg6 11. e4 dxe4 12. Rxe4 Qb6 13. Bc3 Nf6 14. Re1 Nd5 15. Bxd5 cxd5 16. a3 Be7 17. Qf3 Qc6 18. Rac1 Bf6 19. Qd3 O-O-O 20. Bd2 Qc4 21. Qxc4+ dxc4 22. c3 Rd5 23. Kg2 Rb5 24. Rc2 Rbh5 25. Rh1 Rf5 26. Be3 Rd8 27. Rd1 Bg5 28. f4 Be7 29. Rcd2 Rfd5 30. Re2 R8d6 31. Bc1 Rb6 32. Rde1 Kd7 33. Re5 Rbb5 34. R1e2 Rxe5 35. fxe5 f6 36. exf6 Bxf6 37. g4 Bg5 38. Bxg5 Rxg5 39. Kg3 Rb5 40. h3 g5 41. Kf2 Kd6 42. Kf3 e5 43. Ke4 g6 44. Rf2 Ke6 45. Rh2 exd4 46. Kxd4 Kd6 47. Kxc4 Rd5 48. b4 b5+ 49. Kb3 Rd3 50. Kc2 Rg3 51. Rd2+ Ke5 52. Rd3 Kf4 53. Rd4+ Kf3 54. Rd5 Kf4 55. Rxb5 Rxh3 56. Rd5 Kxg4 57. c4 Rh7 58. c5 Kf4 59. c6 Rc7 60. b5 g4 61. Rd4+ Kf3 62. Rd7 Rc8 63. Rf7+ Ke4 64. Kd2 g3 65. Ke2 g2 66. Kf2 Kd5 67. Kxg2 a6 68. a4 axb5 69. axb5 Kc5 70. Rb7 Kd6 71. Kg3 Rc7 72. Rb6 Kc5 73. Rb7 Kd6 74. Kg4 Rxb7 1/2-1/2